000 00305nam a22000977a 4500
999 _c516881
_d516881
082 _aTNC
100 _aMenon, Gopinath (ed.)
_923658
245 _aResults and prospects of soviet - Indian economic cooperation
_cedited by Gopinath Menon
260 _aNew Delhi
_bInformation Department
_c1986
300 _a131p.